[Event "Dortmund Sparkassen op-A"]
[Site "Dortmund"]
[Date "2012.07.18"]
[Round "5"]
[White "Eckardt, Joshua"]
[Black "Grahl, Matthias"]
[Result "1-0"]
[WhiteElo "2057"]
[BlackElo "1851"]
[PlyCount "53"]
[EventDate "2012.07.14"]
[EventType "swiss"]
[EventRounds "9"]
[EventCountry "GER"]
[SourceTitle "CBM 149 Extra"]
[Source "ChessBase"]
[SourceDate "2012.08.24"]
[SourceVersion "1"]
[SourceVersionDate "2012.08.24"]
[SourceQuality "1"]

1. d4 d5 2. c4 e6 3. Nf3 Nf6 4. g3 Be7 5. Bg2 0-0 6. 0-0 c6 7. Qc2 b6 8. Nbd2 Bb7 9. e4 dxe4 10. Nxe4 c5 11. Nxf6+ gxf6 12. Ng5 fxg5 13. Bxb7 Nd7 14. Bxa8 Qxa8 15. d5 Ne5 16. f4 gxf4 17. Bxf4 Ng6 18. Bh6 exd5 19. Bxf8 Qxf8 20. cxd5 Qg7 21. Rad1 Bf6 22. Qf5 Bd4+ 23. Kh1 Ne7 24. Qd7 Qe5 25. Qe8+ Kg7 26. Rxf7+ Kh6 27. Rxe7 1-0

[Event "Dortmund Sparkassen op-A"]
[Site "Dortmund"]
[Date "2012.07.17"]
[Round "4"]
[White "Grahl, Matthias"]
[Black "Maniocha, Marek"]
[Result "1-0"]
[WhiteElo "1851"]
[BlackElo "2035"]
[PlyCount "80"]
[EventDate "2012.07.14"]
[EventType "swiss"]
[EventRounds "9"]
[EventCountry "GER"]
[SourceTitle "CBM 149 Extra"]
[Source "ChessBase"]
[SourceDate "2012.08.24"]
[SourceVersion "1"]
[SourceVersionDate "2012.08.24"]
[SourceQuality "1"]

1. e4 d6 2. d4 Nf6 3. Nc3 Nbd7 4. f4 e5 5. dxe5 dxe5 6. fxe5 Nxe5 7. Qxd8+ Kxd8 8. Bg5 c6 9. Nf3 Bd6 10. 0-0-0 Ke7 11. Be2 Be6 12. Rxd6 Nxf3 13. Rxe6+ Kxe6 14. Bc4+ Ke7 15. gxf3 h6 16. Bh4 g5 17. Bf2 b6 18. Ba6 Rad8 19. Bb7 c5 20. Nd5+ Nxd5 21. Bxd5 f5 22. c4 fxe4 23. Bxe4 Ke6 24. Be1 Rd7 25. Bc3 Rf8 26. h4 Rd6 27. hxg5 hxg5 28. Rh5 g4 29. Re5+ Kd7 30. Bf5+ Kc6 31. fxg4 b5 32. b4 bxc4 33. Rxc5+ Kb6 34. a4 Re8 35. Rxc4 Re2 36. Be4 Ka6 37. g5 Re6 38. b5+ Kb6 39. Bc6 Rg6 40. a5+ Kc7 1-0

[Event "Dortmund Sparkassen op-A"]
[Site "Dortmund"]
[Date "2012.07.15"]
[Round "2"]
[White "Grahl, Matthias"]
[Black "Kartsev, Soel"]
[Result "0-1"]
[WhiteElo "1851"]
[BlackElo "2198"]
[PlyCount "73"]
[EventDate "2012.07.14"]
[EventType "swiss"]
[EventRounds "9"]
[EventCountry "GER"]
[SourceTitle "CBM 149 Extra"]
[Source "ChessBase"]
[SourceDate "2012.08.24"]
[SourceVersion "1"]
[SourceVersionDate "2012.08.24"]
[SourceQuality "1"]

1. Nf3 Nf6 2. d4 g6 3. c4 Bg7 4. Nc3 0-0 5. e4 d6 6. Be2 e5 7. d5 Nbd7 8. Rb1 a5 9. a3 Nh5 10. b4 axb4 11. axb4 Nf4 12. 0-0 h6 13. Be3 f5 14. Ne1 Nf6 15. f3 g5 16. Nd3 Bd7 17. Nf2 Qe8 18. exf5 Bxf5 19. Nfe4 Qg6 20. Nxf6+ Bxf6 21. Rc1 Ra3 22. Bxf4 exf4 23. Nb5 Re3 24. Nxc7 Bb2 25. Re1 Rc8 26. Ne6 Bxc1 27. Qxc1 Bxe6 28. dxe6 Qxe6 29. Qc2 Kg7 30. Kf2 Re8 31. h3 Qe5 32. Qd2 Re7 33. b5 b6 34. Qc2 Rc3 35. Qd2 Qe3+ 36. Qxe3 Rcxe3 37. Kf1 0-1

[Event "Dortmund Sparkassen op-A"]
[Site "Dortmund"]
[Date "2010.07.19"]
[Round "3"]
[White "Boehm, Juergen1111"]
[Black "Grahl, Matthias"]
[Result "1/2-1/2"]
[WhiteElo "2214"]
[BlackElo "1776"]
[PlyCount "55"]
[EventDate "2010.07.17"]
[EventType "swiss"]
[EventRounds "9"]
[EventCountry "GER"]
[SourceTitle "CBM 137 Extra"]
[Source "ChessBase"]
[SourceDate "2010.09.01"]
[SourceVersion "1"]
[SourceVersionDate "2010.09.01"]
[SourceQuality "1"]

1. d4 Nf6 2. Bg5 d5 3. Bxf6 gxf6 4. e3 Bf5 5. Bd3 Qd7 6. Nc3 Nc6 7. Qf3 Bxd3 8. cxd3 0-0-0 9. Nge2 e5 10. Qxf6 Rg8 11. 0-0-0 Bg7 12. Qh4 exd4 13. exd4 Qf5 14. Kb1 Bf6 15. Ng3 Bxh4 16. Nxf5 Bxf2 17. Rhf1 Bxd4 18. Nxd4 Nxd4 19. Rxf7 Rxg2 20. Rxh7 Rf8 21. Re1 Kb8 22. Nxd5 a5 23. Rxc7 Rff2 24. Re8+ Ka7 25. Rcc8 Rxb2+ 26. Kc1 Rbc2+ 27. Rxc2 Rxc2+ 28. Kb1 1/2-1/2

[Event "Dortmund op"]
[Site "Dortmund"]
[Date "2009.07.08"]
[Round "5"]
[White "Grahl, Matthias"]
[Black "Pilat, Fabian"]
[Result "0-1"]
[WhiteElo "1962"]
[BlackElo "1973"]
[PlyCount "64"]
[EventDate "2009.07.04"]
[EventType "swiss"]
[EventRounds "9"]
[EventCountry "GER"]
[SourceTitle "CBM 131 Extra"]
[Source "ChessBase"]
[SourceDate "2009.09.03"]
[SourceVersion "2"]
[SourceVersionDate "2009.09.16"]
[SourceQuality "1"]

1. e4 c5 2. Nf3 e6 3. d4 cxd4 4. Nxd4 a6 5. Nc3 Qc7 6. Bd3 Nc6 7. Be3 b5 8. 0-0 Bb7 9. Kh1 Nf6 10. f4 h5 11. e5 Ng4 12. Bg1 Nxd4 13. Bxd4 Bc5 14. Be4 Bb6 15. Bxb7 Qxb7 16. Bxb6 Qxb6 17. Qf3 Rc8 18. Ne4 Rxc2 19. Rac1 Rxc1 20. Rxc1 0-0 21. h3 Nh6 22. Rd1 Nf5 23. Rxd7 Rd8 24. Qd3 Rc8 25. Qd1 Ne3 26. Qd2 Nf1 27. Qd3 Ne3 28. Kh2 Nf5 29. g4 Ne3 30. Ng5 Rc2+ 31. Kg3 Nf5+ 32. gxf5 Qf2# 0-1

[Event "Dortmund op-A"]
[Site "Dortmund"]
[Date "2007.07.01"]
[Round "9"]
[White "Kelbling, Philipp"]
[Black "Grahl, Matthias"]
[Result "1/2-1/2"]
[WhiteElo "1919"]
[BlackElo "1961"]
[PlyCount "23"]
[EventDate "2007.06.22"]
[EventType "swiss"]
[EventRounds "9"]
[EventCountry "GER"]
[SourceTitle "EXT 2008"]
[Source "ChessBase"]
[SourceDate "2007.11.25"]
[SourceVersion "1"]
[SourceVersionDate "2007.11.25"]
[SourceQuality "1"]

1. e4 c5 2. Nf3 d6 3. d4 cxd4 4. Nxd4 Nf6 5. Nc3 a6 6. Be3 e5 7. Nb3 Be6 8. Bd3 Nbd7 9. f3 b5 10. 0-0 Be7 11. Qe1 0-0 12. Rd1 1/2-1/2

[Event "Dortmund op-A"]
[Site "Dortmund"]
[Date "2007.06.27"]
[Round "5"]
[White "Reichelt, Manfred"]
[Black "Grahl, Matthias"]
[Result "1-0"]
[WhiteElo "2056"]
[BlackElo "1961"]
[PlyCount "79"]
[EventDate "2007.06.22"]
[EventType "swiss"]
[EventRounds "9"]
[EventCountry "GER"]
[SourceTitle "EXT 2008"]
[Source "ChessBase"]
[SourceDate "2007.11.25"]
[SourceVersion "1"]
[SourceVersionDate "2007.11.25"]
[SourceQuality "1"]

1. c4 e5 2. Nc3 Nc6 3. g3 f5 4. Bg2 Nf6 5. e3 g6 6. Nge2 Bg7 7. 0-0 0-0 8. d4 d6 9. b3 Qe8 10. Ba3 Bd7 11. Rc1 e4 12. Nf4 Ne7 13. Qd2 g5 14. Nfd5 Rc8 15. f3 exf3 16. Bxf3 c6 17. Nxf6+ Rxf6 18. e4 g4 19. Bg2 Bh6 20. Qe2 Bxc1 21. Bxc1 Qg6 22. Bf4 Re8 23. e5 dxe5 24. Bxe5 Rff8 25. Qd2 Qf7 26. Qg5+ Ng6 27. Ne4 Rxe5 28. dxe5 Qe7 29. Qxe7 Nxe7 30. Nf6+ Rxf6 31. exf6 Ng6 32. Rd1 Nf8 33. Rd6 Kf7 34. b4 Be6 35. Bf1 Kxf6 36. Rd8 Nd7 37. a4 a5 38. bxa5 Nc5 39. Rb8 Ke5 40. Rxb7 1-0

[Event "Dortmund op-A"]
[Site "Dortmund"]
[Date "2007.06.26"]
[Round "4"]
[White "Grahl, Matthias"]
[Black "Smolka, Alexander"]
[Result "0-1"]
[WhiteElo "1961"]
[BlackElo "2091"]
[PlyCount "47"]
[EventDate "2007.06.22"]
[EventType "swiss"]
[EventRounds "9"]
[EventCountry "GER"]
[SourceTitle "EXT 2008"]
[Source "ChessBase"]
[SourceDate "2007.11.25"]
[SourceVersion "1"]
[SourceVersionDate "2007.11.25"]
[SourceQuality "1"]

1. c4 e5 2. Nc3 Nc6 3. g3 f5 4. Bg2 Nf6 5. d3 d6 6. Nf3 g6 7. 0-0 Bg7 8. Bd2 0-0 9. Rb1 a5 10. a3 h6 11. h4 f4 12. gxf4 Nh5 13. Nd5 Bg4 14. Nh2 Qxh4 15. Nxg4 Qxg4 16. e3 Qh4 17. fxe5 Nxe5 18. f4 Ng4 19. Rf3 Qh2+ 20. Kf1 Ng3+ 21. Rxg3 Qxg3 22. Qe2 Rae8 23. Be1 Nxe3+ 24. Kg1 0-1